| 000 | 00722nam a22001817a 4500 | ||
|---|---|---|---|
| 005 | 20241022113517.0 | ||
| 010 | _aHIN-128673 | ||
| 020 |
_a9789382641384 _c495.00 |
||
| 035 | _aHN-101019 | ||
| 037 | _bDBAD | ||
| 082 | _a822 | ||
| 100 |
_aद्विवेदी, रामसागर _973124 |
||
| 245 |
_aनायनिका/ _cरामसागर द्विवेदी |
||
| 260 |
_aदिल्ली _bअक्षरशिल्पी _c2019 |
||
| 270 |
_a10295, गली नं. 1वेस्ट गोरख पार्क _bदिल्ली _e110032 _k9868218917 |
||
| 300 |
_a223 पृ. _c23 सेमी (सजिल्द) |
||
| 942 |
_cHN _2ddc _h822 _mद्विवेदी |
||
| 999 |
_c206461 _d206461 |
||